000 00228nam a22001217a 4500
040 _cHS
082 _a630
100 _aDHONDYAL
245 _aFarm management
260 _aIndia
_bDHONDYAL
_c1991
300 _a463p;
942 _cEK
999 _c9989
_d9989